La dimensión educativa de la Declaración Universal de Derechos Humanos / (Record no. 177432)
[ view plain ]
| 000 -LEADER | |
|---|---|
| campo de control de longitud fija | 01123nam a2200301 4500 |
| 001 - NÚMERO DE CONTROL | |
| campo de control | 177432 |
| 003 - IDENTIFICADOR DE NÚMERO DE CONTROL | |
| campo de control | ES-MaACL |
| 005 - FECHA Y HORA DE LA ÚLTIMA TRANSACCIÓN | |
| campo de control | 20250828023908.0 |
| 008 - DATOS DE LONGITUD FIJA--INFORMACIÓN GENERAL | |
| campo de control de longitud fija | 110322s2009 sp c |||| |dspa d |
| 017 ## - NÚMERO DE COPYRIGHT O DE DEPÓSITO LEGAL | |
| Número de copyright o de depósito legal | CO-1539-2009 |
| 020 ## - NÚMERO INTERNACIONAL ESTÁNDAR DEL LIBRO | |
| Número Internacional Estándar del Libro | 9788479596972 |
| 080 ## - NÚMERO DE LA CLASIFICACIÓN DECIMAL UNIVERSAL | |
| Número de la Clasificación Decimal Universal | 342.7 |
| 080 ## - NÚMERO DE LA CLASIFICACIÓN DECIMAL UNIVERSAL | |
| Número de la Clasificación Decimal Universal | 37.03 |
| 100 1# - ENTRADA PRINCIPAL--NOMBRE DE PERSONA | |
| Nombre de persona | Caballero Vásquez, Ángel. |
| 9 (RLIN) | 145805 |
| 245 13 - MENCIÓN DEL TÍTULO | |
| Título | La dimensión educativa de la Declaración Universal de Derechos Humanos / |
| Mención de responsabilidad, etc. | Ángel Caballero Vásquez ; [prólogo de Juan Antonio Carrillo Salcedo]. |
| 260 ## - PUBLICACIÓN, DISTRIBUCIÓN, ETC. | |
| Lugar de publicación, distribución, etc. | Córdoba : |
| Nombre del editor, distribuidor, etc. | CajaSur, Obra Social y Cultural, |
| Fecha de publicación, distribución, etc. | 2009. |
| 300 ## - DESCRIPCIÓN FÍSICA | |
| Extensión | 113 p. : |
| Otras características físicas | 1 retr. ; |
| Dimensiones | 24 cm. |
| 490 1# - MENCIÓN DE SERIE | |
| Mención de serie | Estudios |
| 504 ## - NOTA DE BIBLIOGRAFÍA, ETC. | |
| Nota de bibliografía, etc. | Bibliografía: p. 101-104. |
| 586 ## - NOTA DE PREMIOS | |
| Nota de premios | Premio Derechos Humanos-Ilustre Colegio de Abogados de Lucena, 2008 |
| 650 07 - PUNTO DE ACCESO ADICIONAL DE MATERIA--TÉRMINO DE MATERIA | |
| Término de materia o nombre geográfico como elemento de entrada | Derechos humanos |
| Fuente del encabezamiento o término | embne |
| 9 (RLIN) | 11770 |
| 650 07 - PUNTO DE ACCESO ADICIONAL DE MATERIA--TÉRMINO DE MATERIA | |
| Término de materia o nombre geográfico como elemento de entrada | Educación en valores |
| Fuente del encabezamiento o término | embne |
| 9 (RLIN) | 12101 |
| 700 1# - ENTRADA AGREGADA--NOMBRE PERSONAL | |
| Nombre de persona | Carrillo Salcedo, Juan Antonio. |
| 9 (RLIN) | 35780 |
| 830 0# - PUNTO DE ACCESO ADICIONAL DE SERIE-TÍTULO UNIFORME | |
| Título uniforme | Estudios |
| 9 (RLIN) | 177349 |
| 852 ## - LOCALIZACIÓN | |
| Ubicación | ES-MaACL |
| itemnumber | 184250 |
| Sublocalización o colección | R.145704 |
| Número de control de estantería | A-11063 |
| Signatura antigua | Olim:N-4068 |
| Ubicación en estantería | Depósito 1 |
| Encuadernación | Donación: Editorial |
| 942 ## - ELEMENTOS DE ENTRADA SECUNDARIOS (KOHA) | |
| Fuente del sistema de clasificación o colocación | Clasificación decimal universal |
| Tipo de ítem Koha | Libro impreso |
| Estatus retirado | Estado de pérdida | Fuente del sistema de clasificación o colocación | Estado de daño | No para préstamo | Biblioteca de origen | Biblioteca actual | Ubicación en estantería | Fecha de adquisición | Fuente de adquisición | Total de préstamos | Signatura topográfica completa | Código de barras | Visto por última vez | Precio de reemplazo | Tipo de ítem Koha |
|---|---|---|---|---|---|---|---|---|---|---|---|---|---|---|---|
| Clasificación decimal universal | Biblioteca del Ateneo de Madrid | Biblioteca del Ateneo de Madrid | Depósito 1 | 22/03/2011 | Donación | A-11063 | 1186356 | 23/02/2023 | 23/02/2023 | Libro impreso |
